000 00649nam a2200217Ia 4500
003 OSt
005 20250414105719.0
008 191128t2013 ck er 000 f spa d
020 _a9789584630254
040 _aCO-JMCR
_cCO-JMCR
041 _aspa
082 0 4 _aA-N
_bDIAn
100 1 _aDíaz, Paul,
_d1984
_eautor
_96765
245 1 0 _aLa noche que cuelga de los tejados /
_cPaul Díaz
250 _aPrimera edición
260 _aBogotá :
_bInstituto San Pablo Apóstol,
_c©2013
300 _a144 páginas ;
_c 21 cm.
500 _aIncluye datos biográficos del autor en contraportada
650 1 4 _aNovela Colombiana
_96766
942 _2ddc
_cBK
999 _c3577
_d3577